000 00690nam a22002417a 4500
003 UA-OsUOA
001 104728
007 ta
008 20140128b un ||||| |||| 00| 0 ukr d
090 _a94(438)
942 _cBK
040 _aUA-OsUOA
_bpol
_cUA-OsUOA
_dUA-OsUOA
245 _aMniejszosc Polska na Ukraine. Mniejszosc Ukrainska w Polsce po 1989 roku
_cA. Kasinska-Metryka, M. Golos
300 _a198 s.
955 _a2
041 _apol
080 _a94(438)
020 _a978-83-927686-5-4
260 _aChelm
_bWSSMiKS
_c2009
650 7 _a9 Географія. Біографії. Історія
_2UDC
999 _c390938
_d390938